LDR 00984naa#a2200169#i#450# 001 RU\\bibl\126643 005 20260704001425.6 011 ## _a2587-6740 100 ## _a20260615b2026####ek#y0rusy0150####ca 102 ## _aRU 200 1# _aПродовольственный суверенитет: концептуализация и система индикаторов оценки _eЖурнальная статья 210 1# _aМосква _cЭлектронная наука _d2026 215 ## _a5 с. 608 ## _aЖурнальная статья _2local 675 ## _aПродовольственный комплекс (экономика питания, экономика продовольствия, продуктов питания). Продовольственный вопрос. 338.439 _aЭкономика промышленности и ремесленного производства. 338.45 _z 700 #1 _aБарышникова _gНаталья Анатольевна 856 4# _aqje.su _u